01397nam a2200277 4500003000800000005001700008008004100025040002600066041000800092092002600100100003900126245028300165260003600448300001500484502016300499504005100662530006300713650006300776650005600839650004000895651004600935700002700981830008101008942001301089999001701102DO-SdUA20250325093541.0 s2021 dr || |||| 0 |a||0|spa d aDO-SdUAbspacDO-SdUA0 aspa aMA-PPGE 0100 FCE 20211 aSánchez Sierra, María Patricia13aEl juego como estrategia pedagógica para el desarrollo del aprendizaje integral de los estudiantes del nivel inicial, Centro Educativo Club Rotario, Distrito Educativo 04-03, San Cristóbal Sur, período 2018-2019 /cMaría Patricia Sánchez Sierra, Reynelis Arias Puello. aSan Cristóbal :bUASD,c2021. avi, 177 h. aTesis y trabajo de grado (Maestría en Procesos Pedagógicos y Gestión de la Educación)--Universidad Autónoma de Santo Domingo, San Cristóbal, 2021. aIncluye referencias bibliográficas y anexos. aTambién disponible en CD-ROM (CD MA-PPGE 0100 FCE 2021). 72lemb916827aJuegos educativosxInvestigacionesy2018-2019 72lemb9630aActividades creativas y trabajo de clase 72lemb¡910542aEducación primaria 72lemb956410aSan Cristóbal ( Provincia)1 aArias Puello, Reynelis aTesis y disertaciones académicas (Universidad Autónoma de Santo Domingo) 2clcTn0 c12982d12982